Brand Logos Up Close - Statistics

General Stats
  • This quiz has been taken 133 times
  • The average score is 13 of 16
Answer Stats
Picture Answer % Correct
Burger King
100%
Dr. Pepper
97%
Google
97%
TikTok
96%
Reddit
95%
Ebay
94%
Snickers
94%
YouTube
92%
Mountain Dew
91%
Lamborghini
83%
Arby's
80%
T-Mobile
75%
Chick-Fil-A
73%
Verizon
58%
Geico
54%
Xfinity
36%
No matching quizzes found
Score Distribution
Percent of People with Each Score
Percentile by Number Answered
Your Score History
You have not taken this quiz